This is us Personnage - Statistiques

Statistiques générales
  • Ce quiz a été pris 181 fois
  • Le résultat moyen est 16 sur 50
Statistiques - réponses
Réponse % Correct
Jack Pearson
100%
Kevin Pearson
98%
Jack Damon
97%
Kate Pearson
96%
Randall Pearson
95%
Rebecca Pearson
92%
Beth Clarke
86%
Toby Damon
84%
Deja Pearson
81%
Miguel Rivas
77%
Sophie
75%
Annie Pearson
68%
Tess Pearson
67%
Madison Simons
62%
Nicky Pearson
62%
William Hill
61%
Malik Hodges
36%
Zoe
27%
Dr.K
26%
Marc
25%
Laurel Dubois
23%
Audio
20%
Kyle Pearson
17%
Cassidy Sharp
14%
Hailey Damon
14%
Olivia
14%
Stanley Pearson
14%
Carol Clarke
11%
Jessie
9%
Louie
8%
Shauna Andews
8%
Sloane
8%
Yvette
6%
Darnell Hodges
5%
Hope
5%
Marilyn Pearson
5%
Shelly
5%
Alisson
4%
Gregory
4%
Janet Malone
4%
Lucy
4%
Dave Malone
3%
Ben
2%
Chichi
2%
Cory Lawrence
2%
Jae-Won
2%
Kelly Hodges
2%
Linda
2%
Daryl
0%
Sky
0%
Aucun quiz correspondant
Distribution des résultats
% des personnes avec chaque résultat
Percentile par nombre de réponses
Votre historique - résultats
Vous n’avez pas pris ce quiz